Thực tập sinh lý thực vật
Tìm hiểu đặc tính sinh lí tế bào thực vật. Sự trao đổi nước của thực vật. Dinh dưỡng khoáng và trao đổi Nitơ ở thực vật. Quang hợp, hô hấp thực vật. Sinh trưởng và phát triển của thực vật
Сохранить в:
| Другие авторы: | , , , , |
|---|---|
| Формат: | |
| Язык: | Vietnamese |
| Опубликовано: |
H.
Đại học Quốc gia Hà Nội
2004
|
| Предметы: | |
| Метки: |
Добавить метку
Нет меток, Требуется 1-ая метка записи!
|
| Thư viện lưu trữ: | Mạng thư viện Đại học Đà Nẵng |
|---|
| LEADER | 01673aam a22004218a 4500 | ||
|---|---|---|---|
| 001 | 000009099 | ||
| 003 | 5293 | ||
| 005 | 20120314160352.0 | ||
| 008 | 111025s2004 viesd | ||
| 020 | |c 15000đ |d 1000b | ||
| 041 | |a vie | ||
| 082 | |a 571.271 |b Thư | ||
| 084 | |a E573z73 |b TH552T | ||
| 245 | |a Thực tập sinh lý thực vật |c B.s.: Vũ Văn Vụ (ch.b.), Vũ Thanh Tâm, Hoàng Quý Ly.. | ||
| 260 | |a H. |b Đại học Quốc gia Hà Nội |c 2004 | ||
| 300 | |a 171tr. |b hình vẽ |c 21cm | ||
| 504 | |a Thư mục: tr. 171 | ||
| 520 | |a Tìm hiểu đặc tính sinh lí tế bào thực vật. Sự trao đổi nước của thực vật. Dinh dưỡng khoáng và trao đổi Nitơ ở thực vật. Quang hợp, hô hấp thực vật. Sinh trưởng và phát triển của thực vật | ||
| 650 | 7 | |2 Bộ TK TVQG |a Thực vật | |
| 650 | 7 | |2 Bộ TK TVQG |a Sinh lí | |
| 650 | 7 | |2 Bộ TK TVQG |a Thực tập | |
| 655 | 7 | |2 Bộ TK TVQG |a Giáo trình | |
| 700 | 0 | |a Trần Dụ Chi |e b.s. | |
| 700 | 0 | |a Hoàng Quý Ly |e b.s. | |
| 700 | 0 | |a Lê Hồng Điệp |e b.s. | |
| 700 | 0 | |a Vũ Thanh Tâm |e b.s. | |
| 700 | 0 | |a Vũ Văn Vụ |e ch.b. | |
| 910 | |a Nguyễn Thị Kim Oanh |d 25/10/2011 | ||
| OWN | |a LSP | ||
| AVA | |a UDN50 |b LSP |d 571.271 Thư |e available |t Error 5001 Not defined in file expand_doc_bib_avail. |f 6 |g 0 |h N |i 0 |k 1 | ||
| 999 | |a From the UDN01 | ||
| AVA | |a UDN50 |b LSP |d 571.271 Thư |e available |t Error 5001 Not defined in file expand_doc_bib_avail. |f 6 |g 0 |h N |i 0 |k 1 | ||
| TYP | |a Monograph | ||
| TYP | |a Printed language | ||
| 980 | |a Mạng thư viện Đại học Đà Nẵng | ||